[Event "European Rapid 2022"]
[Site "Katowice POL"]
[Date "2022.12.17"]
[Round "4.88"]
[White "Wyss, Jonas"]
[Black "Vidruska, Renate"]
[Result "1/2-1/2"]
[WhiteTitle "FM"]
[BlackTitle "WFM"]
[WhiteElo "2222"]
[BlackElo "1991"]
[WhiteFideId "1311387"]
[BlackFideId "11601841"]
[EventDate "2022.12.17"]

1. e4 e5 2. Nf3 Nc6 3. Nc3 Nf6 4. d4 exd4 5. Nxd4 Bb4 6. Nxc6 bxc6 7. Bd3 O-O 8.
O-O d5 9. exd5 cxd5 10. h3 c6 11. Qf3 Bd6 12. Bf4 Rb8 13. b3 Rb4 14. Bxd6 Qxd6
15. Qg3 Qxg3 16. fxg3 Re8 17. a3 Rb7 18. b4 a5 19. bxa5 Ra7 20. Ne2 Rxa5 21. Nd4
Bd7 22. Nb3 Ra7 23. Nc5 Rea8 24. a4 Ra5 25. Rxf6 Rxc5 26. Rf4 Rca5 27. Rb1 g6
28. Rbb4 Kg7 29. c3 R8a7 30. Bc2 c5 31. Rb6 Bxa4 32. Bxa4 Rxa4 33. Rd6 Ra1+ 34.
Rf1 Rxf1+ 35. Kxf1 Ra3 36. Rxd5 Rxc3 37. Kf2 h5 38. Rd6 Kf8 39. Rd7 Kg7 40. Rd6
g5 41. h4 Rc2+ 42. Kf3 g4+ 43. Kf4 f6 44. Rd5 Rf2+ 45. Ke3 Rxg2 46. Rxh5 Kg6 47.
Rxc5 Rxg3+ 48. Kf4 Rg1 49. h5+ Kh6 50. Rf5 Kg7 51. h6+ Kg6 52. h7 Kxh7 53. Ra5
Kg6 54. Rb5 g3 55. Kf3 f5 56. Rb6+ Kg5 57. Rb4 Kf6 58. Rb5 Kg5 59. Rb8 f4 60.
Rg8+ Kf5 61. Rf8+ Ke5 62. Re8+ Kd4 63. Kxf4 g2 64. Rd8+ Kc3 65. Kg3 Kc2 66. Kf2
Rd1 67. Rxd1 Kxd1 68. Kxg2 1/2-1/2

[Event "European Rapid 2022"]
[Site "Katowice POL"]
[Date "2022.12.17"]
[Round "4.89"]
[White "Bartelt, Max Peter"]
[Black "Vega Gutierrez, Sabrina"]
[Result "1-0"]
[BlackTitle "IM"]
[WhiteElo "2026"]
[BlackElo "2361"]
[WhiteFideId "12967289"]
[BlackFideId "2219026"]
[EventDate "2022.12.17"]

1. d4 d5 2. Nf3 e6 3. g3 Nf6 4. Bg2 Be7 5. O-O O-O 6. c4 c6 7. Nc3 a5 8. Ne5
Nbd7 9. f4 c5 10. e3 cxd4 11. exd4 dxc4 12. Nxc4 Nb6 13. Ne5 a4 14. Be3 a3 15.
b3 Nbd5 16. Nxd5 Nxd5 17. Bf2 Bd7 18. Qd3 Nb4 19. Qe2 Rc8 20. Rac1 Rxc1 21. Rxc1
Bc8 22. h4 Qa5 23. h5 Qa6 24. Qe4 Nxa2 25. Ra1 Nb4 26. h6 g6 27. Nc4 Nd5 28. Qe5
Bf6 29. Qe2 Nc3 30. Qd3 Nb5 31. Nxa3 Bd7 32. Nc2 Qd6 33. Ra5 Qb6 34. b4 Rc8 35.
d5 Qd6 36. Bc5 Qb8 37. Rxb5 Bxb5 38. Qxb5 b6 39. dxe6 bxc5 40. exf7+ Kf8 41. Qa6
Bd4+ 42. Nxd4 cxd4 43. Qf6 1-0

[Event "European Rapid 2022"]
[Site "Katowice POL"]
[Date "2022.12.17"]
[Round "4.90"]
[White "Zawadzka, Jolanta"]
[Black "Dziendziel, Mateusz"]
[Result "1/2-1/2"]
[WhiteTitle "WGM"]
[WhiteElo "2386"]
[BlackElo "2042"]
[WhiteFideId "1122320"]
[BlackFideId "21840946"]
[EventDate "2022.12.17"]

1. e4 c5 2. Nf3 d6 3. Bb5+ Bd7 4. Bxd7+ Qxd7 5. O-O Nc6 6. Re1 Nf6 7. c3 g6 8.
d4 Bg7 9. Nbd2 O-O 10. e5 dxe5 11. dxe5 Ng4 12. e6 fxe6 13. Qe2 Nge5 14. Nxe5
Nxe5 15. Ne4 b6 16. Bg5 Rad8 17. Bh4 c4 18. Red1 Qb7 19. Bg3 Rxd1+ 20. Rxd1 Nd3
21. Ng5 e5 22. b3 b5 23. h4 Qc6 24. bxc4 bxc4 25. Rb1 h6 26. Ne4 Kh7 27. f3 Rd8
28. Kh2 Qa6 29. Nf2 Bf6 30. h5 gxh5 31. Qe4+ Kg7 32. Nd1 Qxa2 33. Rb5 Qa4 34.
Rb1 Qc2 35. Ra1 Rd7 36. Ne3 Qxc3 37. Nf5+ Kh8 38. Ra6 Qb3 39. Qa8+ Kh7 40. Qe8
Qb7 41. Qf7+ Kh8 42. Qf8+ Kh7 43. Qxh6+ Kg8 44. Qg6+ Kf8 45. Nh6 Qd5 46. Ra5 Qe6
47. Ra6 Qd5 48. Ra5 Qe6 49. Ra6 Qd5 50. Ra5 1/2-1/2

[Event "European Rapid 2022"]
[Site "Katowice POL"]
[Date "2022.12.17"]
[Round "4.91"]
[White "Posluszny, Tomasz"]
[Black "Bochnicka, Vladimir ml."]
[Result "1-0"]
[BlackTitle "FM"]
[WhiteElo "1934"]
[BlackElo "2367"]
[WhiteFideId "1187724"]
[BlackFideId "14943450"]
[EventDate "2022.12.17"]

1. d4 Nf6 2. Nf3 g6 3. b3 Bg7 4. Bb2 O-O 5. e3 d6 6. Be2 Nfd7 7. c4 e5 8. Nc3
Nc6 9. O-O f5 10. dxe5 Ndxe5 11. Qd2 Be6 12. Rad1 a5 13. Nd4 Bd7 14. Nd5 Kh8 15.
Nb5 Rc8 16. f4 Ng4 17. Bxg7+ Kxg7 18. Bxg4 fxg4 19. Ndxc7 Qh4 20. Qxd6 Rcd8 21.
Nd4 Rf6 22. Qc5 Rdf8 23. Qg5 Qxg5 24. fxg5 Rxf1+ 25. Rxf1 Rxf1+ 26. Kxf1 Nb4 27.
a3 Nd3 28. Ke2 Nc5 29. b4 axb4 30. axb4 Ne4 31. Nce6+ Kg8 32. Nc5 Nxc5 33. bxc5
Kf7 34. Kd3 Ke7 35. Ke4 Kf7 36. Kd5 Ke7 37. e4 Ba4 38. e5 Bd7 39. c6 bxc6+ 40.
Nxc6+ Kf7 41. c5 Be6+ 42. Kd6 Bf5 43. e6+ Ke8 44. Nb8 g3 45. hxg3 Be4 46. Nd7 1-0

[Event "European Rapid 2022"]
[Site "Katowice POL"]
[Date "2022.12.17"]
[Round "4.92"]
[White "Slabicki, Andrzej"]
[Black "Skawinski, Arkadiusz"]
[Result "0-1"]
[BlackTitle "FM"]
[WhiteElo "1888"]
[BlackElo "2348"]
[WhiteFideId "1130714"]
[BlackFideId "1126415"]
[EventDate "2022.12.17"]

1. c4 e6 2. e4 d5 3. exd5 exd5 4. d4 Nf6 5. Nc3 Bb4 6. a3 Bxc3+ 7. bxc3 O-O 8.
h3 Re8+ 9. Be3 Ne4 10. Qc2 Bf5 11. Qb2 Nd7 12. c5 b6 13. c6 Ndf6 14. g4 Bg6 15.
Nf3 Ng3 16. fxg3 Rxe3+ 17. Kf2 Rxf3+ 0-1

[Event "European Rapid 2022"]
[Site "Katowice POL"]
[Date "2022.12.17"]
[Round "4.93"]
[White "Mihelic, Vesna"]
[Black "Kacprzak, Karol"]
[Result "1-0"]
[WhiteTitle "WCM"]
[WhiteElo "2040"]
[BlackElo "2226"]
[WhiteFideId "14625520"]
[BlackFideId "21819327"]
[EventDate "2022.12.17"]

1. e4 c5 2. Nf3 e6 3. c4 Nc6 4. Nc3 Nd4 5. Bd3 Ne7 6. Nxd4 cxd4 7. Ne2 Nc6 8.
Bc2 e5 9. O-O Be7 10. d3 O-O 11. a3 a5 12. f4 d6 13. Ng3 exf4 14. Bxf4 Bg5 15.
Ba4 Bxf4 16. Rxf4 Ne5 17. Qe2 Be6 18. Raf1 Qg5 19. Nf5 Bxf5 20. Rxf5 Qe7 21. Bc2
a4 22. Qf2 g6 23. Rf4 Nc6 24. Bd1 Ra5 25. h4 b6 26. Rf6 Ra7 27. h5 Qe5 28. hxg6
hxg6 29. Rxg6+ fxg6 30. Qxf8+ Kh7 31. Rf3 1-0

[Event "European Rapid 2022"]
[Site "Katowice POL"]
[Date "2022.12.17"]
[Round "4.94"]
[White "Brendel, Oliver"]
[Black "Gorkiewicz, Mateusz"]
[Result "1-0"]
[WhiteTitle "IM"]
[WhiteElo "2346"]
[BlackElo "2076"]
[WhiteFideId "4602048"]
[BlackFideId "21807299"]
[EventDate "2022.12.17"]

1. c4 e6 2. e4 d5 3. exd5 exd5 4. cxd5 Nf6 5. Bb5+ Bd7 6. Bc4 b5 7. Bb3 Be7 8.
Nf3 O-O 9. O-O Bg4 10. h3 Bh5 11. d4 Nxd5 12. g4 Bg6 13. Ne5 Nb6 14. Be3 Bd6 15.
f4 Bxb1 16. Rxb1 N8d7 17. Rc1 Qe7 18. Qf3 Kh8 19. Rfe1 Bxe5 20. dxe5 c5 21. Rcd1
c4 22. Bc2 Nc5 23. Qc6 Rac8 24. Qxb5 Qh4 25. Kg2 Nd3 26. Bxd3 cxd3 27. Qxd3 Nc4
28. Bf2 Qh6 29. Qe4 Nxb2 30. Rd7 Nc4 31. Rxa7 Nd2 32. Qd5 Rcd8 33. Rd7 Rxd7 34.
Qxd7 Qxf4 1-0

[Event "European Rapid 2022"]
[Site "Katowice POL"]
[Date "2022.12.17"]
[Round "4.95"]
[White "Fishchuk, Vladyslav"]
[Black "Marn, Jan"]
[Result "0-1"]
[WhiteTitle "FM"]
[BlackTitle "FM"]
[WhiteElo "2194"]
[BlackElo "2332"]
[WhiteFideId "34122117"]
[BlackFideId "14619245"]
[EventDate "2022.12.17"]

1. Nf3 Nf6 2. d4 d5 3. g3 e6 4. Bg2 b5 5. a4 b4 6. c4 bxc3 7. Nxc3 Be7 8. O-O
O-O 9. Bf4 a5 10. Rc1 c6 11. Ne5 Ba6 12. Nb1 Qb6 13. Rc2 Rc8 14. Qd2 Nbd7 15.
Rfc1 Nxe5 16. dxe5 Nd7 17. e4 d4 18. Na3 Bxa3 19. bxa3 Rab8 20. h4 c5 21. Bf1
Bxf1 22. Kxf1 Qa6+ 23. Kg2 Rb3 24. Bg5 Rd3 25. Qf4 c4 26. Bf6 gxf6 27. exf6 Kf8
28. Rxc4 Rxc4 29. Rxc4 e5 30. Qf5 Qb7 31. Qg5 Rc3 32. Rxc3 dxc3 33. Qh6+ Ke8 34.
Qxh7 Nxf6 35. Qh6 Qxe4+ 36. Kg1 c2 37. Qd2 Qc4 0-1

[Event "European Rapid 2022"]
[Site "Katowice POL"]
[Date "2022.12.17"]
[Round "4.96"]
[White "Castiglione, Mario"]
[Black "Kucypera, Malgorzata"]
[Result "1-0"]
[WhiteElo "2247"]
[BlackElo "2027"]
[WhiteFideId "14901641"]
[BlackFideId "1120000"]
[EventDate "2022.12.17"]

1. e4 c5 2. d4 cxd4 3. c3 d3 4. c4 Nc6 5. Bxd3 d6 6. h3 g6 7. Nf3 Bg7 8. O-O Nf6
9. Nc3 O-O 10. Be3 Nd7 11. Rc1 Nde5 12. b3 Qa5 13. Nxe5 Bxe5 14. Qd2 Bd7 15. f4
Bg7 16. Nd5 Qxd2 17. Bxd2 a5 18. Rfd1 e6 19. Nc7 Rad8 20. Nb5 Bc8 21. Be3 d5 22.
cxd5 exd5 23. e5 d4 24. Bf2 Bh6 25. Bg3 g5 26. f5 g4 27. hxg4 Bxc1 28. Rxc1 Rfe8
29. Nd6 Rxe5 30. Rxc6 Re3 31. Rxc8 Rxc8 32. Nxc8 Rxd3 33. Bf4 Rd1+ 34. Kf2 Ra1
35. a4 Ra2+ 36. Kf3 Rc2 37. Ne7+ Kf8 38. Nd5 d3 39. Bh6+ Ke8 40. Nf6+ Ke7 41.
Ne4 Rb2 42. Bg5+ Ke8 43. Bd2 Rxb3 44. Bxa5 b6 45. Bd2 Ra3 46. Ke3 Kd7 47. Nc3
Ra1 48. Kxd3 Rg1 49. Nd5 Rxg2 50. Nxb6+ Kc6 51. Nc4 f6 52. Ne3 1-0

[Event "European Rapid 2022"]
[Site "Katowice POL"]
[Date "2022.12.17"]
[Round "4.97"]
[White "Cherniaiev, Tykhon"]
[Black "Bochnickova, Simona"]
[Result "1-0"]
[WhiteTitle "FM"]
[WhiteElo "2330"]
[BlackElo "2009"]
[WhiteFideId "14182360"]
[BlackFideId "14958562"]
[EventDate "2022.12.17"]

1. Nf3 f5 2. d3 Nf6 3. e4 d6 4. exf5 Bxf5 5. d4 g6 6. Bd3 Bd7 7. Ng5 Bg7 8. Qf3
Nc6 9. c3 Bg4 10. Qe3 Qc8 11. h3 Bd7 12. O-O O-O 13. Bc4+ d5 14. Bb3 h6 15. Ne4
e6 16. Nc5 b6 17. Nd3 Kh7 18. Nf4 Ne4 19. Bc2 Be8 20. f3 Ng5 21. h4 Rxf4 22.
Qxf4 Nf7 23. h5 Ne7 24. Qh4 Nf5 25. hxg6+ Kxg6 26. g4 Bf6 27. Qh5+ Kg7 28. gxf5
Ng5 29. Qg4 h5 30. Qg2 Qd8 31. f4 1-0

[Event "European Rapid 2022"]
[Site "Katowice POL"]
[Date "2022.12.17"]
[Round "4.98"]
[White "Sotsky, Alexander"]
[Black "Zabron, Maksym"]
[Result "1/2-1/2"]
[WhiteTitle "IM"]
[WhiteElo "2333"]
[BlackElo "2019"]
[WhiteFideId "4130715"]
[BlackFideId "21819742"]
[EventDate "2022.12.17"]

1. e4 c5 2. Nc3 a6 3. g3 b5 4. Bg2 Bb7 5. d3 e6 6. f4 Nf6 7. Nf3 d5 8. e5 Nfd7
9. Qe2 Be7 10. O-O Qb6 11. Kh1 Nc6 12. f5 Nd4 13. Nxd4 cxd4 14. fxe6 Qxe6 15.
Nd1 Qxe5 16. Qf3 O-O 17. Nf2 Qc7 18. Bf4 Bd6 19. Bxd6 Qxd6 20. Rae1 Nf6 21. Ng4
Nxg4 22. Qxg4 Qc5 23. Re2 Rae8 24. Ref2 Bc8 25. Qg5 Be6 26. Qf4 Rc8 27. h4 Qc7
28. Qxd4 Qxg3 29. Rg1 g6 30. Rf3 Qd6 31. c3 Qc5 32. Qf6 Bg4 33. Rf4 Bh5 34. Bf3
Bxf3+ 35. Rxf3 Qc6 36. Qd4 Qc5 37. Qf6 Qc6 38. Qd4 Qc5 39. Qg4 d4 40. cxd4 Qd5
41. Qe4 Rcd8 42. Rf4 f5 43. Qg2 Qxg2+ 44. Rxg2 Kg7 45. Rc2 Rd6 46. Kg2 Kf6 47.
Kf2 h6 48. Rc5 Rfd8 49. Ke3 Rd5 50. Rc6+ R5d6 51. Rc5 Rd5 52. Rc6+ R5d6 53. Rc5
Rd5 54. Rc6+ 1/2-1/2

[Event "European Rapid 2022"]
[Site "Katowice POL"]
[Date "2022.12.17"]
[Round "4.99"]
[White "Pacl, Vaclav"]
[Black "Malesevic, Nedeljko"]
[Result "1/2-1/2"]
[WhiteTitle "FM"]
[BlackTitle "FM"]
[WhiteElo "2015"]
[BlackElo "2226"]
[WhiteFideId "302031"]
[BlackFideId "1703447"]
[EventDate "2022.12.17"]

1. d4 d5 2. Nf3 Nf6 3. Bf4 c6 4. Nbd2 Bf5 5. Nh4 Bc8 6. e3 Ne4 7. Nxe4 dxe4 8.
Bc4 e6 9. Qh5 Be7 10. g3 O-O 11. Ng2 Nd7 12. h4 Qb6 13. O-O-O a5 14. a3 c5 15.
dxc5 Bxc5 16. Rd2 Qc6 17. Qe2 e5 18. Bb5 Qe6 19. Bxd7 Bxd7 20. Bxe5 Qxe5 21.
Rxd7 Bxa3 22. c3 Qxc3+ 23. Kb1 Qc6 24. Rhd1 Bb4 25. Nf4 Kh8 26. h5 h6 27. g4 a4
28. g5 hxg5 29. h6 gxh6 30. Qh5 gxf4 31. R7d6 Qxd6 32. Rxd6 Bxd6 33. Qxh6+ Kg8
34. Qxd6 fxe3 35. fxe3 Rfe8 36. Qg3+ Kf8 37. Qd6+ Re7 38. Qh6+ Kg8 39. Qg5+ Kf8
40. Qh6+ 1/2-1/2

[Event "European Rapid 2022"]
[Site "Katowice POL"]
[Date "2022.12.17"]
[Round "4.100"]
[White "Grabarczyk, Miroslaw"]
[Black "Zabawski, Grzegorz"]
[Result "1/2-1/2"]
[WhiteTitle "GM"]
[WhiteElo "2337"]
[BlackElo "1974"]
[WhiteFideId "1101684"]
[BlackFideId "1145975"]
[EventDate "2022.12.17"]

1. d4 Nf6 2. c4 e6 3. g3 Be7 4. Bg2 O-O 5. Nf3 d5 6. O-O Nc6 7. Nbd2 b6 8. b3
Bb7 9. Bb2 Re8 10. Rc1 dxc4 11. Nxc4 Nb4 12. a3 Nbd5 13. Qc2 c5 14. dxc5 bxc5
15. Rfd1 Qc8 16. e4 Nb6 17. e5 Nxc4 18. Qxc4 Nd7 19. Qc2 Nf8 20. Nd2 Bxg2 21.
Kxg2 Ng6 22. Nc4 Qc6+ 23. Kg1 h5 24. Qe2 h4 25. Qg4 Red8 26. Qe2 Rab8 27. Rxd8+
Rxd8 28. f3 hxg3 29. hxg3 Qb7 30. Rc3 Bf8 31. Kf2 Qe7 32. Rd3 Rxd3 33. Qxd3 Qg5
34. Bc3 Qh5 35. Kg2 Qg5 36. Qe3 Qd8 37. f4 Qd1 38. Be1 Ne7 39. Bf2 Nf5 40. Qf3
Qb1 41. Qb7 Qd3 42. Qf3 Qb1 43. Qc3 Nd4 44. Nd2 Qa2 45. a4 Ne2 46. Qe3 Nc1 47.
Qc3 Ne2 48. Qe3 Nc1 49. Kf3 Qc2 50. Kg2 Nd3 51. Kf3 Nxf2 52. Qxf2 Be7 53. Qe2 g5
54. Qe3 Qd1+ 55. Qe2 Qh1+ 56. Qg2 Qd1+ 57. Qe2 Qh1+ 58. Kg4 gxf4 59. Kxf4 Qh6+
60. Kg4 Qg6+ 61. Kh3 Qc2 62. Qe3 Kf8 63. Nc4 Qf5+ 64. Kg2 Qc2+ 65. Kf3 Qf5+ 66.
Kg2 Qc2+ 67. Kh3 Qh7+ 68. Kg2 Qc2+ 69. Kf3 Qf5+ 70. Ke2 Qc2+ 71. Nd2 Qb2 72. Kd3
c4+ 73. bxc4 1/2-1/2

[Event "European Rapid 2022"]
[Site "Katowice POL"]
[Date "2022.12.17"]
[Round "5.1"]
[White "Alonso Rosell, Alvar"]
[Black "Navara, David"]
[Result "0-1"]
[WhiteTitle "GM"]
[BlackTitle "GM"]
[WhiteElo "2561"]
[BlackElo "2684"]
[WhiteFideId "2270544"]
[BlackFideId "309095"]
[EventDate "2022.12.17"]

1. d4 d5 2. c4 c6 3. Nf3 Nf6 4. Nc3 e6 5. Qd3 dxc4 6. Qxc4 b5 7. Qd3 Bb7 8. e4
b4 9. Na4 Qa5 10. b3 Nbd7 11. Be3 Be7 12. Nd2 O-O 13. Rc1 Rac8 14. Nc4 Qh5 15.
f3 c5 16. Be2 Rfd8 17. O-O cxd4 18. Qxd4 Bxe4 19. Qxa7 Ra8 20. Qc7 Bg6 21. Qg3
Nd5 22. Bd2 Nc5 23. Ne5 Bh4 24. Qg4 Qxe5 25. Nxc5 Qxe2 0-1

[Event "European Rapid 2022"]
[Site "Katowice POL"]
[Date "2022.12.17"]
[Round "5.2"]
[White "Gavrilescu, David"]
[Black "Adams, Michael"]
[Result "1/2-1/2"]
[WhiteTitle "IM"]
[BlackTitle "GM"]
[WhiteElo "2522"]
[BlackElo "2688"]
[WhiteFideId "1227190"]
[BlackFideId "400041"]
[EventDate "2022.12.17"]

1. e4 e5 2. Nf3 Nc6 3. d4 exd4 4. Nxd4 Nf6 5. Nxc6 bxc6 6. e5 Qe7 7. Qe2 Nd5 8.
c4 Nb6 9. Nc3 Qe6 10. Qe4 d5 11. exd6 Qxe4+ 12. Nxe4 cxd6 13. Be2 Be6 14. b3 d5
15. cxd5 Bxd5 16. Bf3 Bb4+ 17. Bd2 Bxd2+ 18. Nxd2 O-O-O 19. O-O-O Rhe8 20. Rhe1
Kc7 21. Kc2 h6 22. g3 Be6 23. Kb2 Rd4 24. Ne4 Rxd1 25. Rxd1 Bd5 26. Nd2 Re6 27.
Bxd5 Nxd5 28. Nc4 g5 29. h3 f5 30. Rd2 Re1 31. a3 h5 32. Rc2 f4 33. b4 fxg3 34.
fxg3 Ne3 35. Nxe3 Rxe3 36. Rc3 Re2+ 37. Rc2 Rxc2+ 38. Kxc2 Kd6 39. Kd3 Kd5 40.
h4 gxh4 41. gxh4 a6 42. a4 c5 43. b5 axb5 44. axb5 c4+ 1/2-1/2

[Event "European Rapid 2022"]
[Site "Katowice POL"]
[Date "2022.12.17"]
[Round "5.3"]
[White "Svane, Rasmus"]
[Black "Sebenik, Matej"]
[Result "1/2-1/2"]
[WhiteTitle "GM"]
[BlackTitle "GM"]
[WhiteElo "2622"]
[BlackElo "2538"]
[WhiteFideId "4657101"]
[BlackFideId "14602296"]
[EventDate "2022.12.17"]

1. Nf3 d5 2. g3 Bg4 3. Bg2 e6 4. O-O Nf6 5. h3 Bh5 6. c4 c6 7. d4 Nbd7 8. cxd5
exd5 9. Ne5 Ne4 10. Bxe4 dxe4 11. Nc3 f6 12. Nc4 Nb6 13. Nxb6 axb6 14. Nxe4 Qd7
15. Kh2 Bf7 16. Nc3 h5 17. Qd3 Be7 18. Rd1 Be6 19. d5 Bxh3 20. dxc6 Qxd3 21.
Rxd3 Be6 22. Nb5 Kf7 23. cxb7 Rab8 24. Nd4 Bc4 25. Rc3 Bd5 26. Be3 Rxb7 27. Rac1
Bd6 28. Bf4 Bc5 29. Nb5 Re7 30. e3 Bf3 31. Bd6 Bxd6 32. Nxd6+ Kg6 33. Nb5 h4 34.
Nd4 hxg3+ 35. Kxg3 Bd5 36. a3 Re5 37. f4 Reh5 38. f5+ Kg5 39. Ne6+ Bxe6 40. fxe6
Rh2 41. Kf3 f5 42. Rg1+ Kf6 43. e7 Rxb2 44. Rc6+ Kf7 45. Rc7 Re8 46. Rg5 Kf6 47.
Rg3 Rxe7 48. Rxe7 Kxe7 49. Rxg7+ Kd6 1/2-1/2

[Event "European Rapid 2022"]
[Site "Katowice POL"]
[Date "2022.12.17"]
[Round "5.4"]
[White "Dvirnyy, Danyyil"]
[Black "Lagarde, Maxime"]
[Result "0-1"]
[WhiteTitle "GM"]
[BlackTitle "GM"]
[WhiteElo "2530"]
[BlackElo "2584"]
[WhiteFideId "817570"]
[BlackFideId "662399"]
[EventDate "2022.12.17"]

1. e4 e5 2. Nf3 Nc6 3. Bb5 f5 4. d3 fxe4 5. dxe4 Nf6 6. O-O Bc5 7. Nc3 d6 8. Bc4
Na5 9. Bb5+ Nc6 10. Be3 Bb6 11. Nd5 O-O 12. Bg5 Kh8 13. Bc4 Na5 14. Bd3 Be6 15.
Nxb6 axb6 16. Nd2 h6 17. Bh4 g5 18. Bg3 Qe8 19. Re1 Qg6 20. Nf1 Nc6 21. c3 Rf7
22. Ne3 Ne7 23. a4 h5 24. f3 Raf8 25. Rf1 Qh6 26. Nc2 Ng6 27. Qd2 h4 28. Bf2 Nf4
29. h3 g4 30. Be3 gxh3 31. gxh3 Rg8+ 32. Kh1 N6h5 33. Rf2 Qg5 0-1

[Event "European Rapid 2022"]
[Site "Katowice POL"]
[Date "2022.12.17"]
[Round "5.5"]
[White "Dragnev, Valentin"]
[Black "Fridman, Daniel"]
[Result "0-1"]
[WhiteTitle "GM"]
[BlackTitle "GM"]
[WhiteElo "2556"]
[BlackElo "2602"]
[WhiteFideId "1634852"]
[BlackFideId "11600454"]
[EventDate "2022.12.17"]

1. e4 e6 2. d4 d5 3. Nc3 Nf6 4. e5 Nfd7 5. f4 c5 6. Nf3 Nc6 7. Be3 Qb6 8. Na4
Qa5+ 9. c3 b6 10. Bd2 c4 11. b4 Nxb4 12. cxb4 Bxb4 13. Qc2 Bxd2+ 14. Nxd2 b5 15.
Nc3 O-O 16. Be2 b4 17. Nd1 f6 18. Nf3 Qb6 19. Qd2 a5 20. O-O Ba6 21. Qe3 c3 22.
Bxa6 Rxa6 23. Rf2 Rc8 24. Rc1 Qb5 25. f5 exf5 26. Nh4 fxe5 27. Nxf5 Kh8 28. dxe5
d4 29. Qxd4 Nxe5 30. Nd6 Qd7 31. Nf7+ Kg8 32. Qxd7 Nxd7 33. Ne3 Re6 34. Nf5 Rce8
35. N7d6 Re1+ 36. Rf1 Rxc1 37. Rxc1 Re2 38. Kf1 Rxa2 39. Re1 g6 40. Nh6+ Kg7 41.
Ng4 c2 42. h4 h5 43. Re7+ Kf8 44. Re8+ Kg7 45. Re7+ Kg8 46. Nh6+ Kh8 47. Ndf7+
Kg7 48. Ng5+ Kf8 49. Re1 Nc5 50. Kg1 b3 51. Kh2 Ra4 52. g3 Rd4 53. Nh7+ Kg7 54.
Re7+ Kxh6 55. Nf6 g5 56. g4 c1=Q 0-1

[Event "European Rapid 2022"]
[Site "Katowice POL"]
[Date "2022.12.17"]
[Round "5.6"]
[White "Santos Latasa, Jaime"]
[Black "Abdrlauf, Elham"]
[Result "1-0"]
[WhiteTitle "GM"]
[BlackTitle "IM"]
[WhiteElo "2668"]
[BlackElo "2518"]
[WhiteFideId "2293307"]
[BlackFideId "1533533"]
[EventDate "2022.12.17"]

1. Nf3 d5 2. e3 Nf6 3. c4 e6 4. b3 Bd6 5. Bb2 O-O 6. Nc3 b6 7. g4 Bb7 8. g5 Ne4
9. Rg1 f5 10. gxf6 Nxf6 11. Nd4 Bc8 12. Bh3 Qe8 13. cxd5 exd5 14. Bxc8 Qxc8 15.
Qf3 Be5 16. Nxd5 Kh8 17. Nxf6 Nd7 18. Rxg7 Nxf6 19. Rg5 Nd7 20. Qh3 Bf6 21. Rd5
Ne5 22. Qxc8 Raxc8 23. Ke2 Ng4 24. f4 c5 25. Rg1 cxd4 26. Ba3 Rg8 27. h3 Nh6 28.
Rxg8+ Kxg8 29. e4 Rc2 30. e5 Rxa2 31. Bb4 a5 32. Bd6 Bh4 33. e6 Bf6 34. Be5 Be7
35. Bxd4 a4 36. f5 Nxf5 37. Rxf5 axb3 38. Rb5 Ra4 39. Kd3 Bc5 40. Bxc5 bxc5 41.
Rb8+ 1-0

[Event "European Rapid 2022"]
[Site "Katowice POL"]
[Date "2022.12.17"]
[Round "5.7"]
[White "Tazbir, Marcin"]
[Black "Deac, Bogdan-Daniel"]
[Result "1/2-1/2"]
[WhiteTitle "GM"]
[BlackTitle "GM"]
[WhiteElo "2508"]
[BlackElo "2700"]
[WhiteFideId "1122452"]
[BlackFideId "1226380"]
[EventDate "2022.12.17"]

1. c4 Nf6 2. g3 e6 3. Bg2 d5 4. Nf3 Be7 5. O-O O-O 6. Qc2 d4 7. e3 Nc6 8. exd4
Nxd4 9. Nxd4 Qxd4 10. d3 e5 11. Be3 Qd8 12. Nc3 c6 13. Rad1 Bf5 14. Qb3 Qc7 15.
h3 Rfd8 16. d4 exd4 17. Rxd4 Be6 18. Bf4 Qc8 19. Rxd8+ Bxd8 20. Kh2 h5 21. Qa4
Nd7 22. b3 Bc7 23. Bxc7 Qxc7 24. Qa3 Nf6 25. Qc5 h4 26. Nd5 Qd8 27. Nf4 hxg3+
28. fxg3 Qd7 29. g4 Nh7 30. Rf2 a6 31. Qe5 Re8 32. Nh5 f6 33. Qc3 Bf7 34. Ng3
Qc7 35. Qd4 Nf8 36. Qf4 Qxf4 37. Rxf4 Rd8 38. Rf2 Ng6 39. Ne4 Ne5 40. Nc5 Rb8
41. Rd2 Be8 42. Kg3 a5 43. Ne6 Bd7 44. Nc5 Be8 45. Ne6 b5 46. cxb5 cxb5 47. Rd8
Rxd8 48. Nxd8 g5 49. Bd5+ Kf8 50. Nb7 a4 51. Nd6 axb3 52. axb3 Bd7 53. Ne4 Ke7
54. Bg8 b4 55. Nc5 Bb5 56. Ne4 Nd3 57. h4 Bc6 58. Nd2 Nc5 59. h5 Kf8 60. Bc4 Kg7
61. Kf2 Bd7 62. Be2 Be6 63. Bd1 Nd3+ 64. Kg3 Nc1 65. Kf2 Nd3+ 66. Kg3 Ne5 67.
Ne4 Nd7 68. Kf2 Ne5 69. Kg3 Nc6 70. Nc5 Bf7 71. Na6 Kh6 72. Bf3 Nd4 73. Nxb4
Bxb3 74. Be4 Ne2+ 75. Kf2 Nf4 76. Nd3 Ne6 77. Ke3 Bc4 78. Bf5 Ng7 79. Be4 Be6
80. Kf3 Bc8 81. Nf2 Ne6 82. Bg6 Nf4 83. Bc2 Bd7 84. Ne4 Bc6 85. Ke3 Bxe4 86.
Bxe4 Nxh5 87. gxh5 Kxh5 88. Kf3 g4+ 89. Kf4 f5 90. Bd5 g3 91. Kxg3 f4+ 92. Kf2
f3 93. Be4 Kg5 94. Bc6 Kf4 95. Bb7 Ke5 96. Ba8 Kd6 97. Bb7 Kc7 98. Be4 Kd6 99.
Ba8 1/2-1/2

[Event "European Rapid 2022"]
[Site "Katowice POL"]
[Date "2022.12.17"]
[Round "5.8"]
[White "Licznerski, Lukasz"]
[Black "Sargsyan, Shant"]
[Result "0-1"]
[WhiteTitle "IM"]
[BlackTitle "GM"]
[WhiteElo "2441"]
[BlackElo "2645"]
[WhiteFideId "1179250"]
[BlackFideId "13306766"]
[EventDate "2022.12.17"]

1. e4 e5 2. Nf3 Nc6 3. Bb5 a6 4. Bxc6 dxc6 5. O-O Qf6 6. d4 exd4 7. Bg5 Qd6 8.
Nxd4 Be7 9. Be3 Nh6 10. f3 f5 11. Bxh6 Qxh6 12. Nxf5 Bxf5 13. exf5 O-O 14. g3
Rad8 15. Qe2 Bc5+ 16. Kh1 Rxf5 17. Rd1 Rxd1+ 18. Qxd1 Rd5 19. Qf1 Bd6 20. Nc3
Rd2 21. Ne2 0-1